| 000 | 00000nam##2200000za#4500 |
| 001 | 9.640595 |
| 003 | CaOODSP |
| 005 | 20210624222741 |
| 007 | cr ||||||||||| |
| 008 | 150407|1983||||xxc|||||o f|0| 0 fre|d |
| 040 | |aCaOODSP|bfre |
| 043 | |an-cn--- |
| 086 | 1 |aR32-267/1983F-PDF |
| 110 | 1 |aCanada.|bAffaires indiennes et du Nord. |
| 245 | 10|aHistorique des traités avec les Indiens des Maritimes / |h[ressource électronique]|cpar W.E. Daugherty; [publié par le] Centre de la recherche historique et de l'étude des traités. |
| 260 | |aGatineau - Québec : |bAffaires indiennes et du Nord |c1983. |
| 300 | |a82p.|bréférences |
| 590 | |a12-33-Supp|b2012-07-18 |
| 691 | 07|aAccord|2gcpds |
| 720 | 1 |aDaugherty, W. E. |
| 775 | 08|tMaritime Indian treaties in historical perspective / |w(CaOODSP)9.696480 |
| 856 | 40|ahttp://publications.gc.ca|qPDF|s257 Ko|uhttps://publications.gc.ca/collections/collection_2012/ainc-inac/R32-267-1983-fra.pdf |